000
00169nam a22000857a 4500
082
_a
621.381536STA
100
_a
Staley James
245
_a
Modular electronics
942
_c
BK
999
_c
15252
_d
15252